000
00330 a2200145 4500
001
156296
040
_c
Escola São Tomás de Aquino
100
_a
MACHADO, Ana Maria
240
1
0
_a
O distraído sabido
_l
por
245
1
0
_a
O distraído sabido
300
_a
27
362
0
_a
2010
697
_a
*LITERATURA INFANTO
942
_c
BK
999
_c
156296
_d
156296